000 00771nmm a2200265 a 4500
003 AR-BaBNM
005 20251128211622.0
008 195020s2004 ||||||||||||||000 | spa||
020 _a950-557-602-1
040 _cAR-BaBNM
100 1 _aCibotti, Ema
245 1 0 _aUna introducción a la enseñanza de la historia latinoamericana
250 _a1ª ed.
260 _aBuenos Aires
_bFondo de Cultura Económica
_c2004
300 0 _a94 p.
_btablas
504 _aBibliografía comentada p. 91-94
650 4 _aENSENANZA DE LA HISTORIA
650 4 _aHISTORIA LATINOAMERICANA
650 4 _aFUENTES DE INFORMACION
650 4 _aINVESTIGACION EN LA CLASE
651 4 _aAmérica Latina
653 0 _aESTRATEGIAS DIDACTICAS
942 _cBK
998 _cme-solo cat
999 _c20446
_d20446